[Event "CZE-chT2D 2223"]
[Site "Czech Republic"]
[Date "2022.11.20"]
[Round "3.3"]
[White "Pokorny, Zdenek"]
[Black "Ptacek, Lubos"]
[Result "1-0"]
[WhiteElo "2202"]
[BlackElo "2045"]
[PlyCount "57"]
[EventDate "2022.10.16"]
[EventType "team-tourn"]
[EventRounds "11"]
[EventCountry "CZE"]
[SourceTitle "EXT 2024"]
[Source "ChessBase"]
[SourceDate "2023.10.10"]
[SourceVersion "1"]
[SourceVersionDate "2023.10.10"]
[SourceQuality "1"]
[WhiteTeam "Hradec Kralove Slavia"]
[BlackTeam "Vysoke Myto"]
[WhiteTeamCountry "CZE"]
[BlackTeamCountry "CZE"]

1. e4 e5 2. Nf3 Nc6 3. Bc4 Be7 4. d4 d6 5. dxe5 dxe5 6. Qe2 Nf6 7. c3 0-0 8. 0-0 Bg4 9. h3 Bh5 10. Nbd2 a6 11. Rd1 b5 12. Nf1 Bd6 13. Bb3 h6 14. Ng3 Bg6 15. Nh4 Kh7 16. Nhf5 Qd7 17. Qf3 Ng8 18. Qg4 Nf6 19. Qh4 Ng8 20. Be3 Qd8 21. Qg4 Nf6 22. Qf3 Na5 23. Rd2 Nxb3 24. axb3 Ne8 25. c4 Qf6 26. c5 Be7 27. Rd7 Bd8 28. Rad1 c6 29. R7d6 1-0

[Event "CZE-chT2D 1920"]
[Site "Czech Republic"]
[Date "2019.10.13"]
[Round "1.2"]
[White "Pokorny, Zdenek"]
[Black "Horacek, Michal"]
[Result "1-0"]
[WhiteElo "2220"]
[BlackElo "2110"]
[PlyCount "73"]
[EventDate "2019.10.13"]
[EventType "team-tourn"]
[EventRounds "11"]
[EventCountry "CZE"]
[SourceTitle "EXT 2024"]
[Source "ChessBase"]
[SourceDate "2023.10.10"]
[SourceVersion "1"]
[SourceVersionDate "2023.10.10"]
[SourceQuality "1"]
[WhiteTeam "Hradec Kralove Slavia"]
[BlackTeam "Vysoke Myto"]
[WhiteTeamCountry "CZE"]
[BlackTeamCountry "CZE"]

1. e4 d6 2. d4 Nf6 3. Nc3 e5 4. Nge2 Nbd7 5. f3 Be7 6. Be3 c6 7. Qd2 0-0 8. g4 b5 9. g5 Ne8 10. a3 Nc7 11. d5 Bb7 12. dxc6 Bxc6 13. Ng3 Ne6 14. h4 a6 15. Nf5 Ndc5 16. b4 Nb7 17. Nd5 Bxd5 18. Qxd5 Qc7 19. Bd3 Rfc8 20. Ke2 Nbd8 21. Rhc1 Qd7 22. Qb3 Bf8 23. Kf2 Nc6 24. c3 Ne7 25. Rd1 Ng6 26. c4 bxc4 27. Bxc4 Ngf4 28. Bf1 g6 29. Ng3 Be7 30. Ne2 Nxe2 31. Bxe2 a5 32. Qd5 axb4 33. axb4 Rxa1 34. Rxa1 Nc7 35. Qb7 Qe8 36. Rc1 Qd7 37. Ba6 1-0

[Event "CZE-chT2C 1819"]
[Site "Czech Republic"]
[Date "2019.03.31"]
[Round "11.1"]
[White "Voloshin, Leonid"]
[Black "Pokorny, Zdenek"]
[Result "1-0"]
[WhiteElo "2383"]
[BlackElo "2255"]
[PlyCount "121"]
[EventDate "2018.10.14"]
[EventType "team-tourn"]
[EventRounds "11"]
[EventCountry "CZE"]
[SourceTitle "EXT 2022"]
[Source "ChessBase"]
[SourceDate "2021.10.06"]
[SourceVersion "1"]
[SourceVersionDate "2021.10.06"]
[SourceQuality "1"]
[WhiteTeam "Bakov nad Jizerou"]
[BlackTeam "Hradec Kralove II"]
[WhiteTeamCountry "CZE"]
[BlackTeamCountry "CZE"]

1. d4 Nf6 2. c4 e5 3. dxe5 Ng4 4. Nf3 Nc6 5. e3 Bb4+ 6. Bd2 Bxd2+ 7. Qxd2 Ngxe5 8. Nxe5 Nxe5 9. Be2 d6 10. 0-0 0-0 11. Nc3 Be6 12. b3 f5 13. f4 Nf7 14. Bf3 c6 15. Qd4 Qb6 16. Qxb6 axb6 17. a4 Rfe8 18. Kf2 Kf8 19. h3 g6 20. g4 Nh6 21. Rg1 Re7 22. Rad1 Nf7 23. gxf5 Bxf5 24. e4 Bxh3 25. Rh1 Be6 26. Rxh7 b5 27. axb5 Ra3 28. Rb1 Bxc4 29. bxc4 Rxc3 30. bxc6 bxc6 31. Rb8+ Re8 32. Rb7 Re7 33. Rb8+ Re8 34. Rxe8+ Kxe8 35. Rg7 Rxc4 36. Rxg6 Rc2+ 37. Ke3 Kf8 38. Be2 Rc1 39. Kd4 Rh1 40. Bc4 Rd1+ 41. Ke3 d5 42. Be2 d4+ 43. Kf3 Rc1 44. Ba6 Rc3+ 45. Kf2 Re3 46. e5 Nxe5 47. fxe5 Rxe5 48. Rxc6 Ke7 49. Be2 Re6 50. Rc4 Rd6 51. Bd3 Kf6 52. Rc5 Rd8 53. Kf3 Re8 54. Be4 Rd8 55. Ke2 Rd6 56. Kd3 Rd8 57. Rh5 Rd6 58. Bd5 Kg6 59. Re5 Rd8 60. Kxd4 Rb8 61. Re1 1-0

[Event "CZE-chT1W 1819"]
[Site "Czech Republic"]
[Date "2019.01.20"]
[Round "6.5"]
[White "Docekal, Jan"]
[Black "Pokorny, Zdenek"]
[Result "1-0"]
[WhiteElo "2254"]
[BlackElo "2255"]
[PlyCount "67"]
[EventDate "2018.10.21"]
[EventType "team-tourn"]
[EventRounds "11"]
[EventCountry "CZE"]
[SourceTitle "CBM 188 Extra"]
[Source "ChessBase"]
[SourceDate "2019.02.26"]
[SourceVersion "1"]
[SourceVersionDate "2019.02.26"]
[SourceQuality "1"]
[WhiteTeam "Vysehrad"]
[BlackTeam "Hradec Kralove"]
[WhiteTeamCountry "CZE"]
[BlackTeamCountry "CZE"]

1. e4 e5 2. Nf3 Nc6 3. Bc4 Bc5 4. c3 Nf6 5. d3 d6 6. 0-0 Bg4 7. a4 a6 8. Na3 0-0 9. Nc2 d5 10. exd5 Nxd5 11. Re1 Nb6 12. Be3 Bd6 13. Bxb6 cxb6 14. Ne3 Bh5 15. Nf5 Bc7 16. Ng3 Bg6 17. Ne4 h6 18. Qe2 Kh8 19. Rad1 f5 20. Ng3 Qf6 21. Bd5 Rae8 22. Nd2 e4 23. dxe4 f4 24. Ngf1 Ne5 25. f3 b5 26. axb5 Bb6+ 27. Kh1 Qh4 28. bxa6 bxa6 29. Ra1 Rf6 30. Nc4 Bf2 31. Red1 Ng4 32. fxg4 Bxe4 33. Bxe4 Rfe6 34. Ncd2 1-0

[Event "CZE-chT2C 1819"]
[Site "Czech Republic"]
[Date "2018.12.02"]
[Round "4.2"]
[White "Schula, Michal"]
[Black "Pokorny, Zdenek"]
[Result "1/2-1/2"]
[WhiteElo "2296"]
[BlackElo "2255"]
[PlyCount "68"]
[EventDate "2018.10.14"]
[EventType "team-tourn"]
[EventRounds "11"]
[EventCountry "CZE"]
[SourceTitle "EXT 2022"]
[Source "ChessBase"]
[SourceDate "2021.10.06"]
[SourceVersion "1"]
[SourceVersionDate "2021.10.06"]
[SourceQuality "1"]
[WhiteTeam "Neratovice II"]
[BlackTeam "Hradec Kralove II"]
[WhiteTeamCountry "CZE"]
[BlackTeamCountry "CZE"]

1. e4 e6 2. d4 d5 3. exd5 exd5 4. Nf3 Bd6 5. c4 Qe7+ 6. Be2 dxc4 7. Nc3 Nf6 8. 0-0 0-0 9. h3 Nbd7 10. Bxc4 Nb6 11. Bb3 h6 12. Re1 Qd8 13. Ne5 c6 14. Qf3 Nbd5 15. Bd2 Be6 16. Re2 Nxc3 17. bxc3 Bd5 18. Qd3 Bxe5 19. Rxe5 Bxb3 20. axb3 Nd7 21. Rea5 a6 22. c4 b6 23. Rf5 Nc5 24. Qc3 Ne4 25. Qd3 Re8 26. Rf4 Nc5 27. Qf5 Nxb3 28. Qxf7+ Kh8 29. Rd1 Nxd2 30. Rxd2 Qd6 31. g3 Rf8 32. Qb7 Rfb8 33. Qf7 Rf8 34. Qb7 Rfb8 1/2-1/2

[Event "CZE-chT2D 1718"]
[Site "Czech Republic"]
[Date "2018.04.08"]
[Round "11.2"]
[White "Tesar, Jan"]
[Black "Pokorny, Zdenek"]
[Result "0-1"]
[WhiteElo "2118"]
[BlackElo "2227"]
[PlyCount "86"]
[EventDate "2017.10.15"]
[EventType "team-tourn"]
[EventRounds "11"]
[EventCountry "CZE"]
[SourceTitle "EXT 2022"]
[Source "ChessBase"]
[SourceDate "2021.10.06"]
[SourceVersion "1"]
[SourceVersionDate "2021.10.06"]
[SourceQuality "1"]
[WhiteTeam "Dalesice Pivovar"]
[BlackTeam "Hradec Kralove II"]
[WhiteTeamCountry "CZE"]
[BlackTeamCountry "CZE"]

1. c4 e5 2. Nc3 Bb4 3. g3 Nf6 4. Bg2 0-0 5. e4 a5 6. Nge2 d6 7. 0-0 Bg4 8. h3 Be6 9. d3 Bc5 10. Kh2 Nc6 11. f4 h6 12. f5 Bd7 13. g4 Nh7 14. Nd5 Nb4 15. f6 Nxd5 16. fxg7 Kxg7 17. cxd5 h5 18. gxh5 f5 19. d4 exd4 20. exf5 Qf6 21. Nf4 Bxf5 22. Ne6+ Kh8 23. Nxf8 Rxf8 24. Bf4 d3 25. Qd2 Bd4 26. Rab1 Re8 27. Rbe1 Rxe1 28. Qxe1 Bxb2 29. Qxa5 Ng5 30. Qxc7 Be5 31. Qb8+ Kh7 32. Qxb7+ Kh8 33. Qb4 Be4 34. Qd2 Nf3+ 35. Rxf3 Bxf3 36. Bxe5 Qxe5+ 37. Kg1 Qd4+ 38. Kh2 Qe5+ 39. Kg1 Qg7 40. Kf1 Qxg2+ 41. Qxg2 Bxg2+ 42. Ke1 Bxd5 43. a4 Bc4 0-1

[Event "CZE-chT1W 1718"]
[Site "Czech Republic"]
[Date "2018.03.25"]
[Round "10.6"]
[White "Pokorny, Zdenek"]
[Black "Schula, Michal"]
[Result "1-0"]
[WhiteElo "2237"]
[BlackElo "2315"]
[PlyCount "87"]
[EventDate "2017.10.29"]
[EventType "team-tourn"]
[EventRounds "11"]
[EventCountry "CZE"]
[SourceTitle "EXT 2019"]
[Source "ChessBase"]
[SourceDate "2018.10.10"]
[SourceVersion "1"]
[SourceVersionDate "2018.10.10"]
[SourceQuality "1"]
[WhiteTeam "Hradec Kralove Slavia"]
[BlackTeam "Neratovice"]
[WhiteTeamCountry "CZE"]
[BlackTeamCountry "CZE"]

1. e4 c5 2. Nc3 a6 3. g3 b5 4. Bg2 Bb7 5. Nge2 e6 6. 0-0 Qc7 7. d4 d6 8. dxc5 dxc5 9. Bf4 e5 10. Nd5 Bxd5 11. Qxd5 Bd6 12. Qxa8 Ne7 13. Nc3 0-0 14. Nd5 Nxd5 15. Qxd5 exf4 16. c3 Be5 17. Rad1 g6 18. a4 h5 19. axb5 axb5 20. Rfe1 Re8 21. Bf1 Qb6 22. Qd2 fxg3 23. hxg3 h4 24. f4 Bc7 25. gxh4 Kg7 26. Kg2 Rh8 27. e5 Rxh4 28. Kg3 Rh8 29. Bg2 Qe6 30. Qd5 Qf5 31. Qe4 Qe6 32. Rh1 Re8 33. Qd5 Qe7 34. Qf3 f6 35. Qg4 fxe5 36. f5 Qf6 37. Qxg6+ Qxg6+ 38. fxg6 Kxg6 39. Be4+ Kg5 40. Rh7 Bd8 41. Rd6 Rg8 42. Bd5 Rf8 43. Bf7 Kf5 44. Bg6+ 1-0

[Event "CZE-chT2D 1718"]
[Site "Czech Republic"]
[Date "2018.01.28"]
[Round "7.2"]
[White "Hamornik, Jozef"]
[Black "Pokorny, Zdenek"]
[Result "1/2-1/2"]
[WhiteElo "2112"]
[BlackElo "2227"]
[PlyCount "48"]
[EventDate "2017.10.15"]
[EventType "team-tourn"]
[EventRounds "11"]
[EventCountry "CZE"]
[SourceTitle "EXT 2022"]
[Source "ChessBase"]
[SourceDate "2021.10.06"]
[SourceVersion "1"]
[SourceVersionDate "2021.10.06"]
[SourceQuality "1"]
[WhiteTeam "Zdar nad Sazavou"]
[BlackTeam "Hradec Kralove II"]
[WhiteTeamCountry "CZE"]
[BlackTeamCountry "CZE"]

1. Nf3 d6 2. g3 e5 3. d3 f5 4. Bg2 Nf6 5. c4 Be7 6. 0-0 0-0 7. b4 Qe8 8. Qb3 Kh8 9. Bb2 Qh5 10. Nbd2 Nc6 11. b5 Nd8 12. a4 Ne6 13. Qc3 f4 14. Qc2 fxg3 15. hxg3 Ng4 16. e3 b6 17. d4 e4 18. Qxe4 Rxf3 19. Qxg4 Qxg4 20. Bxf3 Qf5 21. Be4 Qh5 22. Bf3 Qf5 23. Be4 Qh5 24. Bf3 Qf5 1/2-1/2

[Event "CZE-chT2D 1718"]
[Site "Czech Republic"]
[Date "2017.11.05"]
[Round "2.2"]
[White "Komarek, David"]
[Black "Pokorny, Zdenek"]
[Result "1/2-1/2"]
[WhiteElo "2156"]
[BlackElo "2227"]
[PlyCount "31"]
[EventDate "2017.10.15"]
[EventType "team-tourn"]
[EventRounds "11"]
[EventCountry "CZE"]
[SourceTitle "EXT 2022"]
[Source "ChessBase"]
[SourceDate "2021.10.06"]
[SourceVersion "1"]
[SourceVersionDate "2021.10.06"]
[SourceQuality "1"]
[WhiteTeam "Policka Stefanydes"]
[BlackTeam "Hradec Kralove II"]
[WhiteTeamCountry "CZE"]
[BlackTeamCountry "CZE"]

1. d4 g6 2. g3 Bg7 3. Bg2 c5 4. e3 cxd4 5. exd4 Nc6 6. c3 d6 7. Nf3 e5 8. dxe5 dxe5 9. 0-0 Be6 10. Qa4 Nge7 11. Be3 0-0 12. Na3 Qc8 13. Ng5 Bd7 14. Rad1 h6 15. Ne4 Nf5 16. Bc5 1/2-1/2

[Event "CZE-chT2D 1617"]
[Site "Czech Republic"]
[Date "2017.02.12"]
[Round "8.2"]
[White "Reznicek, Dominik"]
[Black "Pokorny, Zdenek"]
[Result "1/2-1/2"]
[WhiteElo "2032"]
[BlackElo "2265"]
[PlyCount "103"]
[EventDate "2016.10.09"]
[EventType "team-tourn"]
[EventRounds "11"]
[EventCountry "CZE"]
[SourceTitle "EXT 2022"]
[Source "ChessBase"]
[SourceDate "2021.10.06"]
[SourceVersion "1"]
[SourceVersionDate "2021.10.06"]
[SourceQuality "1"]
[WhiteTeam "Polabiny III"]
[BlackTeam "Hradec Kralove II"]
[WhiteTeamCountry "CZE"]
[BlackTeamCountry "CZE"]

1. d4 Nf6 2. Nf3 d5 3. Bf4 c6 4. h3 Qb6 5. b3 Bf5 6. e3 c5 7. Bd3 Bxd3 8. Qxd3 Nbd7 9. 0-0 Rc8 10. Nbd2 e6 11. c3 Be7 12. Ne5 0-0 13. Rfe1 Nxe5 14. Bxe5 Nd7 15. Bg3 cxd4 16. exd4 Ba3 17. Rab1 Be7 18. Rbc1 Bf6 19. Nf3 Rc6 20. Ne5 Bxe5 21. Bxe5 Rfc8 22. Bf4 Qa5 23. Bd2 Nf6 24. f3 b5 25. Rc2 a6 26. Rec1 Qc7 27. Qe3 Ne8 28. Be1 Nd6 29. Qd3 Nf5 30. Bf2 h6 31. Be1 Ne7 32. Bf2 Ng6 33. Be3 Qg3 34. Qe2 Qc7 35. Qd3 h5 36. Qd2 Qg3 37. Bf2 Qf4 38. Be3 Qf5 39. Qe2 h4 40. Qd2 f6 41. Qe2 Ne7 42. Qd2 g5 43. Qe2 Kf7 44. Qd2 Qg6 45. Bf2 Qf5 46. Be3 R8c7 47. Kh1 Rc8 48. Kg1 Qg6 49. Bf2 Nf5 50. Qd3 Nd6 51. Qd2 Qf5 52. Be3 1/2-1/2

[Event "CZE-chT1W 1617"]
[Site "Czech Republic"]
[Date "2016.10.16"]
[Round "1.4"]
[White "Kovar, Josef"]
[Black "Pokorny, Zdenek"]
[Result "0-1"]
[WhiteElo "2112"]
[BlackElo "2265"]
[PlyCount "34"]
[EventDate "2016.10.16"]
[EventType "team-tourn"]
[EventRounds "11"]
[EventCountry "CZE"]
[SourceTitle "CBM 175 Extra"]
[Source "ChessBase"]
[SourceDate "2016.12.12"]
[SourceVersion "1"]
[SourceVersionDate "2016.12.12"]
[SourceQuality "1"]
[WhiteTeam "Praha Smichov"]
[BlackTeam "Hradec Kralove Slavia"]
[WhiteTeamCountry "CZE"]
[BlackTeamCountry "CZE"]

1. b3 e5 2. Bb2 Nc6 3. e3 Nf6 4. Bb5 Bd6 5. Bxc6 dxc6 6. d3 e4 7. Nd2 Bf5 8. Bxf6 Qxf6 9. dxe4 Bb4 10. Ngf3 Bxe4 11. 0-0 Bg6 12. Nc4 Bc3 13. Rc1 b5 14. Ncd2 0-0-0 15. a4 Bh5 16. Ne4 Rxd1 17. Rfxd1 Qg6 0-1

[Event "CZE-chT2D 1617"]
[Site "Czech Republic"]
[Date "2016.10.09"]
[Round "1.2"]
[White "Skoda, Martin"]
[Black "Pokorny, Zdenek"]
[Result "1/2-1/2"]
[WhiteElo "2149"]
[BlackElo "2265"]
[PlyCount "66"]
[EventDate "2016.10.09"]
[EventType "team-tourn"]
[EventRounds "11"]
[EventCountry "CZE"]
[SourceTitle "EXT 2022"]
[Source "ChessBase"]
[SourceDate "2021.10.06"]
[SourceVersion "1"]
[SourceVersionDate "2021.10.06"]
[SourceQuality "1"]
[WhiteTeam "Jihlava Gambit"]
[BlackTeam "Hradec Kralove II"]
[WhiteTeamCountry "CZE"]
[BlackTeamCountry "CZE"]

1. e4 e5 2. Nf3 Nc6 3. Bb5 a6 4. Ba4 Nf6 5. 0-0 b5 6. Bb3 Bc5 7. c3 d6 8. d4 Bb6 9. h3 Bb7 10. Re1 0-0 11. Bg5 h6 12. Bh4 Re8 13. Qd3 Na5 14. Bc2 c5 15. Nbd2 cxd4 16. cxd4 Nc6 17. d5 Nb4 18. Qb3 Nxc2 19. Qxc2 g5 20. Nxg5 hxg5 21. Bxg5 Kg7 22. Nf1 Qd7 23. Ng3 Ng8 24. Nf5+ Kf8 25. Qd2 f6 26. Bh6+ Kf7 27. Qe2 Ne7 28. Qh5+ Ng6 29. Bg7 Rh8 30. Bxh8 Rxh8 31. Nh6+ Kg7 32. Nf5+ Kf7 33. Nh6+ Kg7 1/2-1/2

[Event "CZE-chT1W 1516"]
[Site "Czech Republic"]
[Date "2016.01.31"]
[Round "7.5"]
[White "Pokorny, Zdenek"]
[Black "Vavra, Pavel"]
[Result "1/2-1/2"]
[WhiteElo "2280"]
[BlackElo "2349"]
[PlyCount "119"]
[EventDate "2015.10.11"]
[EventType "team-tourn"]
[EventRounds "11"]
[EventCountry "CZE"]
[SourceTitle "CBM 170 Extra"]
[Source "ChessBase"]
[SourceDate "2016.02.25"]
[SourceVersion "1"]
[SourceVersionDate "2016.02.25"]
[SourceQuality "1"]
[WhiteTeam "Hradec Kralove"]
[BlackTeam "Unichess"]
[WhiteTeamCountry "CZE"]
[BlackTeamCountry "CZE"]

1. e4 e6 2. d4 d5 3. Nd2 Nf6 4. e5 Nfd7 5. f4 c5 6. c3 Nc6 7. Ndf3 Qb6 8. g3 Be7 9. h4 f6 10. Bd3 cxd4 11. cxd4 Nf8 12. Ne2 Bd7 13. Kf2 0-0-0 14. Be3 Be8 15. h5 h6 16. Rc1 Kb8 17. a3 g6 18. b4 fxe5 19. fxe5 gxh5 20. Nc3 h4 21. Na4 Qc7 22. b5 Bxa3 23. Ra1 hxg3+ 24. Kg2 Be7 25. bxc6 Bxc6 26. Rxh6 Rxh6 27. Bxh6 Nd7 28. Qb3 Rg8 29. Rc1 Ka8 30. Bd2 Nb8 31. Rh1 Bf8 32. Rh7 Rg7 33. Rh8 Rf7 34. Be2 Bxa4 35. Qxa4 Nc6 36. Qa3 Qd8 37. Bb4 Nxb4 38. Qxb4 a5 39. Qb5 Ka7 40. Kxg3 Rg7+ 41. Kf2 Rf7 42. Rh1 Bb4 43. Rh6 Qg5 44. Rf6 Rxf6 45. exf6 Qxf6 46. Qd7 Bc3 47. Ke3 Qh6+ 48. Kd3 Bb4 49. Qc7 Qg6+ 50. Ke3 Qh6+ 51. Kf2 Bd2 52. Qc5+ Kb8 53. Qa3 Qf4 54. Bb5 Bb4 55. Qd3 Bd6 56. Qe2 Qg3+ 57. Kf1 Kc7 58. Ba4 Qh3+ 59. Kf2 Qg3+ 60. Kf1 1/2-1/2

[Event "CZE-chT2D 1516"]
[Site "Czech Republic"]
[Date "2015.10.18"]
[Round "1.4"]
[White "Liduch, Filip"]
[Black "Pokorny, Zdenek"]
[Result "0-1"]
[WhiteElo "2055"]
[BlackElo "2279"]
[PlyCount "70"]
[EventDate "2015.10.18"]
[EventType "team-tourn"]
[EventRounds "11"]
[EventCountry "CZE"]
[SourceTitle "EXT 2022"]
[Source "ChessBase"]
[SourceDate "2021.10.06"]
[SourceVersion "1"]
[SourceVersionDate "2021.10.06"]
[SourceQuality "1"]
[WhiteTeam "Polabiny III"]
[BlackTeam "Hradec Kralove II"]
[WhiteTeamCountry "CZE"]
[BlackTeamCountry "CZE"]

1. e4 e5 2. Nf3 Nc6 3. d4 exd4 4. Nxd4 Qf6 5. Be3 Bc5 6. c3 Nge7 7. Qf3 Qxf3 8. gxf3 Bxd4 9. cxd4 d5 10. Bb5 Be6 11. Nc3 0-0-0 12. 0-0-0 a6 13. Bxc6 Nxc6 14. Rhg1 g6 15. b3 f6 16. Rd2 Rd7 17. Ne2 Re8 18. Kb2 Bf7 19. Nc3 b6 20. Rgd1 Kb7 21. Kc1 Na7 22. Re1 Nb5 23. Nxb5 axb5 24. Bf4 g5 25. Bg3 c5 26. dxc5 bxc5 27. Red1 d4 28. b4 Kc6 29. bxc5 Kxc5 30. h4 h6 31. hxg5 hxg5 32. Rc2+ Bc4 33. Kd2 Ra7 34. Rdc1 Ra3 35. Rb2 f5 0-1

[Event "CZE-chT1E 1314"]
[Site "Czech Republic"]
[Date "2014.02.09"]
[Round "7.3"]
[White "Roubalik, Jakub"]
[Black "Pokorny, Zdenek"]
[Result "1/2-1/2"]
[WhiteElo "2329"]
[BlackElo "2275"]
[PlyCount "99"]
[EventDate "2013.10.20"]
[EventType "team-tourn"]
[EventRounds "11"]
[EventCountry "CZE"]
[SourceTitle "EXT 2015"]
[Source "ChessBase"]
[SourceDate "2014.11.20"]
[SourceVersion "1"]
[SourceVersionDate "2014.11.20"]
[SourceQuality "1"]
[WhiteTeam "Zlin"]
[BlackTeam "Chrudim"]
[WhiteTeamCountry "CZE"]
[BlackTeamCountry "CZE"]

1. d4 Nf6 2. Bg5 c5 3. d5 Ne4 4. Bf4 Qb6 5. Bc1 e6 6. f3 Nf6 7. c4 exd5 8. cxd5 c4 9. Nc3 Bc5 10. e3 0-0 11. Bxc4 Re8 12. Nge2 Bxe3 13. Bxe3 Qxe3 14. Qd3 Qc5 15. 0-0-0 d6 16. Ng3 Nbd7 17. Qd4 Ne5 18. Qxc5 dxc5 19. Bb5 Bd7 20. Bxd7 Nexd7 21. Nf5 Rab8 22. Nd6 Red8 23. Nc4 b5 24. Na5 Rb6 25. Nc6 Ra8 26. Rhe1 c4 27. Ne4 Kf8 28. Kc2 b4 29. Kb1 a5 30. g4 c3 31. g5 Ne8 32. Re2 cxb2 33. Kxb2 Nc7 34. Nd6 Nxd5 35. Rxd5 Rxc6 36. Nxf7 Kxf7 37. Rxd7+ Kg6 38. h4 Rac8 39. Ra7 Rc5 40. Rd2 R8c6 41. f4 h5 42. a3 bxa3+ 43. Kxa3 Rb6 44. Rdd7 Rc1 45. Rxg7+ Kf5 46. Rxa5+ Kg4 47. Ka2 Rc2+ 48. Ka3 Rc1 49. Ka2 Rc2+ 50. Ka3 1/2-1/2